[Event "Reykjavik"]
[Site "Reykjavik"]
[Date "2013.10.04"]
[Round "4"]
[White "Danielsen, Henrik"]
[Black "Bjornsson, Sigurbjorn"]
[Result "1/2-1/2"]
[WhiteElo "2501"]
[BlackElo "2395"]
[PlyCount "100"]
[EventDate "2013.10.01"]
[EventType "tourn"]
[EventRounds "9"]
[EventCountry "ISL"]
[EventCategory "9"]
[SourceTitle "CBM 156 Extra"]
[Source "ChessBase"]
[SourceDate "2013.10.22"]
[SourceVersion "1"]
[SourceVersionDate "2013.10.22"]
[SourceQuality "1"]

1. e4 e5 2. Nf3 Nc6 3. c3 d5 4. d3 Nf6 5. Nbd2 a5 6. Be2 Bc5 7. O-O O-O 8. b3
Re8 9. Rb1 Ba7 10. a3 h6 11. b4 axb4 12. axb4 b5 13. h3 Be6 14. Re1 Qd6 15. Qc2
d4 16. Bb2 Bb6 17. cxd4 exd4 18. e5 Nxe5 19. Nxe5 Qxe5 20. Bf3 Qd6 21. Bxa8
Rxa8 22. Ra1 Rxa1 23. Bxa1 Nd5 24. Ne4 Qxb4 25. Rb1 Qa3 26. Bb2 Qe7 27. Qc6 b4
28. Ra1 Nc3 29. Ra8+ Kh7 30. Re8 Bd7 31. Qxh6+ Kxh6 32. Rxe7 Bb5 33. Rxf7 Bxd3
34. Nd2 Bc2 35. Rd7 Ba4 36. Rd8 Bb5 37. g4 Kh7 38. h4 c5 39. Rc8 Bd7 40. Rb8
Na4 41. Nc4 Be6 42. Bxd4 Bxc4 43. Ba1 Be2 44. Rb7 c4 45. Rxg7+ Kh6 46. Bf6 c3
47. h5 Bxg4 48. Rxg4 c2 49. Bg5+ Kxh5 50. Rxb4 Kxg5 1/2-1/2

[Event "corr freechess"]
[Site "freechess.de"]
[Date "2013.10.04"]
[Round "?"]
[White "Kevekordes, Peter"]
[Black "Bartsch, Reinhard Andrea"]
[Result "1/2-1/2"]
[WhiteElo "2202"]
[BlackElo "2149"]
[PlyCount "95"]
[EventDate "2013.??.??"]
[EventType "tourn (corr)"]
[SourceTitle "OM Corr 202003"]
[Source "Opening Master"]
[SourceDate "2019.05.30"]
[SourceVersion "2"]
[SourceVersionDate "2019.05.30"]
[SourceQuality "1"]

1. e4 e5 2. Nf3 Nc6 3. c3 Nf6 4. d4 Nxe4 5. d5 Nb8 6. Nxe5 Qe7 7. Qd4 Nf6 8.
Be3 c6 9. Bd3 c5 10. d6 Qxd6 11. Qxd6 Bxd6 12. Nf3 Nc6 13. Na3 O-O 14. Nb5 Be7
15. Nc7 Rb8 16. Bf4 Nh5 17. Be3 Nf6 18. Bf4 Nh5 19. Be3 d6 20. O-O-O h6 21.
Rhe1 Rd8 22. h3 Nf6 23. Bc4 Rd7 24. Nd5 b5 25. Bb3 Nxd5 26. Bxd5 Bb7 27. Bxc6
Bxc6 28. Bxc5 Ra8 29. Rd4 f5 30. Red1 Rad8 31. Bb4 Be4 32. a3 h5 33. Ba5 Ra8
34. a4 a6 35. Bb4 Rad8 36. Ba3 h4 37. R1d2 g5 38. Ne5 Bxg2 39. Nxd7 Rxd7 40.
Bxd6 Bxh3 41. Bxe7 Rxe7 42. Rd6 Re1+ 43. Kc2 Bg2 44. Rg6+ Kf7 45. Rxg5 h3 46.
Rh5 Kg6 47. Rh8 bxa4 48. Rd6+ 1/2-1/2

[Event "Blagoevgrad op"]
[Site "Blagoevgrad"]
[Date "2013.10.01"]
[Round "5"]
[White "Lagopatis, Nikolaos"]
[Black "Galunov, Giorgi"]
[Result "1-0"]
[WhiteElo "2161"]
[BlackElo "1863"]
[PlyCount "85"]
[EventDate "2013.09.28"]
[EventType "swiss"]
[EventRounds "9"]
[EventCountry "BUL"]
[SourceTitle "CBM 156 Extra"]
[Source "ChessBase"]
[SourceDate "2013.10.22"]
[SourceVersion "1"]
[SourceVersionDate "2013.10.22"]
[SourceQuality "1"]

1. e4 e5 2. Nf3 Nc6 3. c3 Nf6 4. d3 Bc5 5. Be2 O-O 6. O-O d6 7. b4 Bb6 8. a4 a6
9. Nbd2 Ne7 10. Nc4 Ba7 11. Be3 Ng6 12. Bxa7 Rxa7 13. g3 b6 14. Re1 Re8 15. Bf1
Bb7 16. Bg2 c5 17. bxc5 bxc5 18. Rb1 Qc7 19. Nfd2 d5 20. exd5 Bxd5 21. Bxd5
Nxd5 22. Qc2 Qd7 23. Nb6 Nxb6 24. Rxb6 Rd8 25. Nc4 Qf5 26. Re3 h5 27. Qe2 f6
28. Nd6 Qg4 29. Qc2 Nf4 30. Ne4 Nd5 31. Qb3 Kh8 32. f3 Qg6 33. Rb8 Qe8 34. Rxd8
Qxd8 35. Re1 Rc7 36. Rb1 Ne3 37. Qb8 Rc8 38. Qd6 Qa5 39. Kf2 Nc2 40. Rb7 Qd8
41. Rd7 Qe8 42. Nxf6 Qg6 43. Rd8+ 1-0

[Event "corr freechess"]
[Site "freechess.de"]
[Date "2013.10.01"]
[Round "?"]
[White "Priegnitz, Uwe"]
[Black "Goehring, Dietmar"]
[Result "1-0"]
[WhiteElo "1450"]
[BlackElo "1359"]
[PlyCount "59"]
[EventDate "2013.??.??"]
[EventType "tourn (corr)"]
[SourceTitle "OM Corr 202003"]
[Source "Opening Master"]
[SourceDate "2019.05.30"]
[SourceVersion "2"]
[SourceVersionDate "2019.05.30"]
[SourceQuality "1"]

1. e4 e5 2. Nf3 Nc6 3. c3 d6 4. h3 Nf6 5. Qc2 Be6 6. Bb5 a6 7. Ba4 Be7 8. O-O
O-O 9. d4 exd4 10. cxd4 d5 11. e5 Ne4 12. Nc3 b5 13. Bb3 Na5 14. Nxe4 dxe4 15.
Qxe4 Nxb3 16. axb3 Bxb3 17. Be3 Qd7 18. Nd2 h6 19. Nxb3 Rad8 20. Rxa6 Rc8 21.
Qf3 c6 22. Rd1 Qc7 23. Rc1 Qb7 24. Raxc6 Rxc6 25. Nc5 Bxc5 26. Rxc5 Rfc8 27. b4
Rxc5 28. Qxb7 R5c7 29. Qxb5 Re7 30. g4 1-0

[Event "HKG-ch op"]
[Site "Hong Kong"]
[Date "2013.09.30"]
[Round "6"]
[White "Mahadevan, Aravind"]
[Black "Lim, Kian Hwa"]
[Result "0-1"]
[WhiteElo "1503"]
[BlackElo "1932"]
[PlyCount "57"]
[EventDate "2013.09.27"]
[EventType "swiss"]
[EventRounds "9"]
[EventCountry "HKG"]
[SourceTitle "EXT 2015"]
[Source "ChessBase"]
[SourceDate "2014.11.20"]
[SourceVersion "1"]
[SourceVersionDate "2014.11.20"]
[SourceQuality "1"]

1. e4 e5 2. Nf3 Nc6 3. c3 d6 4. d4 Be7 5. d5 Nb8 6. Be2 Nf6 7. Qc2 Nbd7 8. Bg5
Nxd5 9. Bxe7 Nxe7 10. Nbd2 O-O 11. O-O Nc5 12. b4 Ne6 13. c4 Nc6 14. a3 f5 15.
exf5 Ncd4 16. Nxd4 Nxd4 17. Qd1 Bxf5 18. Nf3 Nxe2+ 19. Qxe2 Bg4 20. h3 Bxf3 21.
gxf3 Qh4 22. Kh2 Qf4+ 23. Kg2 Rf6 24. Qe4 Qg5+ 25. Kh1 c6 26. Qg4 Qh6 27. Rac1
Raf8 28. Rg1 Rxf3 29. Rg3 0-1

[Event "EU-ch U16 Girls 23rd"]
[Site "Budva"]
[Date "2013.09.30"]
[Round "2"]
[White "Bezkorovaina, Marija"]
[Black "Sayafarova, Anna"]
[Result "1/2-1/2"]
[WhiteElo "2085"]
[BlackElo "1750"]
[PlyCount "117"]
[EventDate "2013.09.29"]
[EventType "swiss"]
[EventRounds "9"]
[EventCountry "MNE"]
[SourceTitle "EXT 2014"]
[Source "ChessBase"]
[SourceDate "2013.11.20"]
[SourceVersion "1"]
[SourceVersionDate "2013.11.20"]
[SourceQuality "1"]

1. e4 e5 2. Nf3 Nc6 3. c3 Nf6 4. d4 exd4 5. e5 Nd5 6. cxd4 Bb4+ 7. Bd2 Bxd2+ 8.
Nbxd2 d6 9. Bb5 Nde7 10. O-O O-O 11. Re1 dxe5 12. dxe5 Nd4 13. Bd3 Nxf3+ 14.
Nxf3 Bf5 15. Bxf5 Nxf5 16. Qc2 g6 17. Qb3 Nd4 18. Nxd4 Qxd4 19. Rad1 Qb6 20.
Rd7 Rad8 21. Qxb6 axb6 22. Rxc7 Rd2 23. b3 Rxa2 24. Rxb7 Rd8 25. Rxb6 Rdd2 26.
Rf6 Rdb2 27. Rf3 Ra3 28. g3 Raxb3 29. Rxb3 Rxb3 30. Kg2 Kf8 31. f4 Ke7 32. Kh3
Rb2 33. g4 Rb3+ 34. Kg2 Rb2+ 35. Kg3 Rb3+ 36. Kf2 Ke6 37. Re3 Rb2+ 38. Kg3 Kd5
39. Rd3+ Ke4 40. Ra3 Rb4 41. h3 Rd4 42. Rf3 Rd1 43. Ra3 Rd4 44. h4 Rc4 45. h5
gxh5 46. g5 Kf5 47. Ra7 h4+ 48. Kxh4 Rxf4+ 49. Kh5 Kxe5 50. Kh6 Rh4+ 51. Kg7
Rg4 52. Ra5+ Kf4 53. Kf6 Rg3 54. Ra4+ Kf3 55. Rh4 Rg4 56. Rxh7 Rf4+ 57. Kg7 Kg4
58. g6 fxg6 59. Kxg6 1/2-1/2

[Event "CP-2013-P-00051"]
[Site "Lechenicher SchachServer"]
[Date "2013.09.30"]
[Round "?"]
[White "Hammerschmidt, Volker"]
[Black "Shapovalov, Dima"]
[Result "1-0"]
[WhiteElo "1862"]
[BlackElo "1725"]
[PlyCount "41"]
[EventDate "2013.10.01"]
[EventType "swiss"]
[SourceTitle "OM Corr 202003"]
[Source "Opening Master"]
[SourceDate "2019.05.30"]
[SourceVersion "2"]
[SourceVersionDate "2019.05.30"]
[SourceQuality "1"]

1. e4 e5 2. Nf3 Nc6 3. c3 d5 4. Qa4 Bd7 5. d3 Nd4 6. Qd1 Nxf3+ 7. Qxf3 Nf6 8.
Nd2 Bc6 9. Be2 Bd6 10. Bd1 O-O 11. O-O dxe4 12. dxe4 Qd7 13. Re1 a5 14. Bc2 Qe7
15. Nf1 h6 16. Ne3 Bd7 17. h3 a4 18. Bd2 c6 19. Rad1 Rfd8 20. Bc1 a3 21. b3 1-0

[Event "Mogi das Cruzes op 09"]
[Site "Mogi das Cruzes"]
[Date "2013.09.29"]
[Round "6"]
[White "Capelo, Martinho Figueira"]
[Black "Sztokbant, Bernardo Vainzoff"]
[Result "0-1"]
[WhiteElo "1817"]
[BlackElo "2230"]
[PlyCount "88"]
[EventDate "2013.09.26"]
[EventType "swiss"]
[EventRounds "7"]
[EventCountry "BRA"]
[SourceTitle "CBM 156 Extra"]
[Source "ChessBase"]
[SourceDate "2013.10.22"]
[SourceVersion "1"]
[SourceVersionDate "2013.10.22"]
[SourceQuality "1"]

1. e4 e5 2. Nf3 Nc6 3. c3 Nf6 4. d4 d5 5. Bb5 dxe4 6. Nxe5 Bd7 7. Bxc6 Bxc6 8.
Qb3 Qd5 9. Qxd5 Bxd5 10. c4 Be6 11. d5 Bd6 12. dxe6 Bxe5 13. exf7+ Kxf7 14. Nc3
Rad8 15. Be3 Rd3 16. Rc1 Rhd8 17. Ke2 b6 18. h3 h6 19. Rhd1 Bxc3 20. bxc3 Rxd1
21. Rxd1 Rxd1 22. Kxd1 c5 23. Bf4 Ke6 24. Ke2 a6 25. a4 Nd7 26. Bc7 Ne5 27.
Bxb6 Kd6 28. Bd8 Nxc4 29. a5 Kc6 30. g3 Kb5 31. Bc7 Nxa5 32. Ke3 Nb3 33. Kxe4
Kc4 34. f4 a5 35. f5 a4 36. Be5 Nd2+ 37. Ke3 a3 38. Bxg7 a2 39. Kxd2 a1=Q 40.
Ke3 Qa7 41. Bxh6 Qh7 42. Bf4 Qxf5 43. h4 Kxc3 44. Kf3 Kd3 0-1

[Event "corr RSS7E pro-170"]
[Site "www.remoteschach.de"]
[Date "2013.09.29"]
[Round "?"]
[White "Schatz, Hans Dieter"]
[Black "Eckhardt, Andreas"]
[Result "1-0"]
[WhiteElo "2331"]
[BlackElo "2244"]
[PlyCount "77"]
[EventDate "2013.??.??"]
[EventType "tourn (corr)"]
[SourceTitle "OM Corr 202003"]
[Source "Opening Master"]
[SourceDate "2019.05.30"]
[SourceVersion "2"]
[SourceVersionDate "2019.05.30"]
[SourceQuality "1"]

1. e4 e5 2. Nf3 Nc6 3. c3 Nf6 4. d4 Nxe4 5. d5 Ne7 6. Nxe5 Ng6 7. Qf3 Nf6 8.
Nxg6 hxg6 9. Be3 Qe7 10. Nd2 Qe5 11. Bc4 b5 12. Bxb5 Rb8 13. a4 Bb7 14. O-O-O
Bxd5 15. Qg3 Qxg3 16. hxg3 Rxh1 17. Rxh1 a6 18. Bxa6 Ra8 19. Bb5 c6 20. Be2
Rxa4 21. Rh8 Ke7 22. Kc2 d6 23. c4 Be6 24. Bf3 c5 25. Kc3 Ra1 26. Bg5 Rc1+ 27.
Kb3 Re1 28. Bc6 Bf5 29. Ka4 Re2 30. Kb5 Bg4 31. Kb6 Bf5 32. Kc7 Bd3 33. Bf4 Re6
34. Nf3 Ne8+ 35. Bxe8 Kxe8 36. Ng5 Re7+ 37. Kb6 f6 38. Nh7 g5 39. Bxd6 1-0

[Event "Hampstead op U2200 09"]
[Site "Hampstead"]
[Date "2013.09.28"]
[Round "3"]
[White "Peck, Silas"]
[Black "Jina, Asha"]
[Result "1-0"]
[WhiteElo "1805"]
[BlackElo "1570"]
[PlyCount "61"]
[EventDate "2013.09.28"]
[EventType "swiss"]
[EventRounds "5"]
[EventCountry "ENG"]
[SourceTitle "EXT 2015"]
[Source "ChessBase"]
[SourceDate "2014.11.20"]
[SourceVersion "1"]
[SourceVersionDate "2014.11.20"]
[SourceQuality "1"]

1. e4 e5 2. Nf3 Nc6 3. c3 Nf6 4. d4 Nxe4 5. d5 Ne7 6. Nxe5 Ng6 7. Bd3 Nxe5 8.
Bxe4 Bc5 9. O-O d6 10. Bf4 Qf6 11. Bxe5 dxe5 12. Nd2 O-O 13. Bf3 Bf5 14. Qe2
Rfe8 15. Ne4 Bxe4 16. Qxe4 Rad8 17. b4 Bd6 18. Rab1 Qg5 19. Qc2 Qf4 20. Be2 e4
21. g3 Qg5 22. c4 b6 23. c5 bxc5 24. bxc5 Be5 25. Bb5 Re7 26. Qc4 e3 27. f4
Bxf4 28. Qxf4 Qxf4 29. Rxf4 Rxd5 30. Bc4 Rxc5 31. Rb8+ 1-0

[Event "HKG-ch op"]
[Site "Hong Kong"]
[Date "2013.09.28"]
[Round "2"]
[White "Mahadevan, Aravind"]
[Black "Muniz Pardino, Alberto"]
[Result "0-1"]
[WhiteElo "1503"]
[BlackElo "2103"]
[PlyCount "124"]
[EventDate "2013.09.27"]
[EventType "swiss"]
[EventRounds "9"]
[EventCountry "HKG"]
[SourceTitle "EXT 2015"]
[Source "ChessBase"]
[SourceDate "2014.11.20"]
[SourceVersion "1"]
[SourceVersionDate "2014.11.20"]
[SourceQuality "1"]

1. e4 e5 2. Nf3 Nc6 3. c3 Nf6 4. d4 exd4 5. e5 Nd5 6. cxd4 d6 7. Bb5 dxe5 8.
dxe5 Bb4+ 9. Bd2 O-O 10. O-O Bxd2 11. Nbxd2 Nde7 12. h3 Be6 13. Ng5 Bd5 14.
Ngf3 Ng6 15. Re1 Qe7 16. Bxc6 Bxc6 17. Qe2 Rad8 18. Qe3 a6 19. Rad1 Rfe8 20.
Nc4 Rxd1 21. Rxd1 b6 22. Re1 h6 23. Ncd2 Bb7 24. a3 c5 25. Nc4 Bxf3 26. Qxf3
Qc7 27. Qf5 Re6 28. f4 Ne7 29. Qc2 Nc6 30. Qd2 Nd4 31. Ne3 Re8 32. Qf2 Qc6 33.
Nc2 Rd8 34. Ne3 b5 35. Kh1 Rd7 36. Kg1 c4 37. Nc2 Nxc2 38. Qxc2 Qd5 39. Kf1 a5
40. Re2 Qd4 41. Re4 Qc5 42. Re2 Rd4 43. Re4 Rd3 44. Qf2 Qd5 45. Re1 b4 46. axb4
axb4 47. Re3 Rd1+ 48. Re1 Rd2 49. Re2 Qd3 50. Qf3 Qxf3+ 51. gxf3 Rd4 52. f5 Kf8
53. Ke1 Rf4 54. Re3 Rxf5 55. Re4 Rxf3 56. Rxc4 Rb3 57. Rc8+ Ke7 58. Rc7+ Ke6
59. h4 Rxb2 60. Rc5 Rh2 61. Rc4 b3 62. Rb4 b2 0-1

[Event "Blagoevgrad op"]
[Site "Blagoevgrad"]
[Date "2013.09.28"]
[Round "1"]
[White "Lagopatis, Nikolaos"]
[Black "Antoniadou, Paraskevi"]
[Result "1-0"]
[WhiteElo "2161"]
[BlackElo "1700"]
[PlyCount "61"]
[EventDate "2013.09.28"]
[EventType "swiss"]
[EventRounds "9"]
[EventCountry "BUL"]
[SourceTitle "CBM 156 Extra"]
[Source "ChessBase"]
[SourceDate "2013.10.22"]
[SourceVersion "1"]
[SourceVersionDate "2013.10.22"]
[SourceQuality "1"]

1. e4 e5 2. Nf3 Nc6 3. c3 Nf6 4. d3 d5 5. Nbd2 Be7 6. Be2 O-O 7. O-O a5 8. a4
Re8 9. h3 g6 10. Re1 Nh5 11. exd5 Qxd5 12. Nc4 Ng7 13. Bf1 Bf6 14. Bg5 Bxg5 15.
Nxg5 Ne6 16. Ne4 Qd8 17. Ned2 Nf4 18. Nf3 f6 19. Qb3 Qd5 20. Re3 b6 21. Kh2 Bb7
22. Rae1 Red8 23. g3 Nh5 24. Bg2 Qf7 25. Nfd2 Rd7 26. Ne4 Rb8 27. Nc5 bxc5 28.
Bxc6 Bxc6 29. Qxb8+ Kg7 30. Nxa5 Bxa4 31. b3 1-0

[Event "Hampstead op U2200 09"]
[Site "Hampstead"]
[Date "2013.09.28"]
[Round "1"]
[White "Peck, Silas"]
[Black "Lovell, William"]
[Result "1-0"]
[WhiteElo "1805"]
[BlackElo "1503"]
[PlyCount "55"]
[EventDate "2013.09.28"]
[EventType "swiss"]
[EventRounds "5"]
[EventCountry "ENG"]
[SourceTitle "EXT 2015"]
[Source "ChessBase"]
[SourceDate "2014.11.20"]
[SourceVersion "1"]
[SourceVersionDate "2014.11.20"]
[SourceQuality "1"]

1. e4 e5 2. Nf3 Nc6 3. c3 Nf6 4. d4 exd4 5. e5 Ng4 6. cxd4 d6 7. h3 Nh6 8. Bxh6
gxh6 9. Bb5 a6 10. Bxc6+ bxc6 11. O-O Bg7 12. Qc2 Bd7 13. Nc3 O-O 14. Ne4 dxe5
15. dxe5 Kh8 16. Rad1 Qc8 17. Qd2 Bf5 18. Qf4 f6 19. exf6 Bxf6 20. Nxf6 Rxf6
21. g4 Qf8 22. gxf5 Rxf5 23. Qd4+ Kg8 24. Kh1 Rd5 25. Rg1+ Kf7 26. Qf4+ Ke7 27.
Qxc7+ Ke6 28. Qxc6+ 1-0

[Event "Wch U20 Girls 31st"]
[Site "Kocaeli"]
[Date "2013.09.26"]
[Round "13"]
[White "Armas, Lena"]
[Black "Assaubayeva, Bibissara"]
[Result "0-1"]
[WhiteElo "1920"]
[BlackElo "1761"]
[PlyCount "29"]
[EventDate "2013.09.13"]
[EventType "swiss"]
[EventRounds "13"]
[EventCountry "TUR"]
[SourceTitle "CBM 156 Extra"]
[Source "ChessBase"]
[SourceDate "2013.10.22"]
[SourceVersion "1"]
[SourceVersionDate "2013.10.22"]
[SourceQuality "1"]

1. e4 e5 2. Nf3 Nc6 3. c3 d5 4. Bb5 dxe4 5. Bxc6+ bxc6 6. Ng1 Nf6 7. h3 Ba6 8.
Ne2 Qd3 9. b3 Nd5 10. Bb2 Nf4 11. Nxf4 exf4 12. c4 f3 13. Rg1 O-O-O 14. Ba3 Qd4
15. Nc3 0-1

[Event "Wch U20 52nd"]
[Site "Kocaeli"]
[Date "2013.09.26"]
[Round "13"]
[White "Sahin, Ozgun"]
[Black "Percin, Onder"]
[Result "0-1"]
[WhiteElo "1857"]
[BlackElo "1838"]
[PlyCount "96"]
[EventDate "2013.09.13"]
[EventType "swiss"]
[EventRounds "13"]
[EventCountry "TUR"]
[SourceTitle "CBM 156 Extra"]
[Source "ChessBase"]
[SourceDate "2013.10.22"]
[SourceVersion "1"]
[SourceVersionDate "2013.10.22"]
[SourceQuality "1"]

1. e4 e5 2. Nf3 Nc6 3. c3 d6 4. d4 Bg4 5. d5 Nce7 6. Be2 Nf6 7. Qd3 a6 8. Bg5
Ng6 9. h3 Bd7 10. c4 h6 11. Be3 Be7 12. Qc2 O-O 13. Nc3 c6 14. Qb3 Rb8 15. Ba7
Rc8 16. Bb6 Qe8 17. Be3 cxd5 18. exd5 Rc7 19. Qb6 Qc8 20. Nd2 Ne8 21. Qb3 Qb8
22. Bb6 Rc8 23. O-O Kh8 24. Kh2 f5 25. g3 Nf6 26. Qd1 Rce8 27. Nb3 Qc8 28. Rc1
e4 29. Bh5 Nxh5 30. Qxh5 Kh7 31. Ne2 Bg5 32. Rc3 f4 33. c5 f3 34. cxd6 fxe2 35.
Qxe2 Qb8 36. Qc2 Qxd6 37. Bc5 Qxd5 38. Bxf8 Rxf8 39. Rc5 Qe6 40. g4 Rf3 41. Rc3
e3 42. Qe2 Bf4+ 43. Kg1 exf2+ 44. Rxf2 Re3 45. Qc2 Re1+ 46. Rf1 Be3+ 47. Kg2
Qe4+ 48. Rf3 Rg1+ 0-1

[Event "Copenhagen Bronshoj Sensommer op"]
[Site "Copenhagen"]
[Date "2013.09.26"]
[Round "7"]
[White "Yssing, Klaus"]
[Black "Nielsen, John Holm"]
[Result "1-0"]
[WhiteElo "2031"]
[BlackElo "2010"]
[PlyCount "39"]
[EventDate "2013.08.15"]
[EventType "swiss"]
[EventRounds "7"]
[EventCountry "DEN"]
[SourceTitle "EXT 2016"]
[Source "ChessBase"]
[SourceDate "2015.10.10"]
[SourceVersion "1"]
[SourceVersionDate "2015.10.10"]
[SourceQuality "1"]

1. e4 e5 2. Nf3 Nc6 3. c3 Nf6 4. d4 Nxe4 5. d5 Bc5 6. dxc6 Bxf2+ 7. Ke2 bxc6 8.
Qa4 d5 9. Nbd2 O-O 10. Nxe4 dxe4 11. Kxf2 exf3 12. gxf3 e4 13. Qxe4 Re8 14. Qd4
Qe7 15. Bh6 f6 16. Rg1 g6 17. Bc4+ Be6 18. Rge1 Qf7 19. Rxe6 Rxe6 20. Re1 1-0

[Event "corr RS-Pyramide"]
[Site "www.remoteschach.de"]
[Date "2013.09.26"]
[Round "?"]
[White "Quinones Borda, Jorge Victor"]
[Black "Irmer, Friedrich"]
[Result "1/2-1/2"]
[WhiteElo "2363"]
[BlackElo "2310"]
[PlyCount "59"]
[EventDate "2013.??.??"]
[EventType "tourn (corr)"]
[SourceTitle "OM Corr 202003"]
[Source "Opening Master"]
[SourceDate "2019.05.30"]
[SourceVersion "2"]
[SourceVersionDate "2019.05.30"]
[SourceQuality "1"]

1. e4 e5 2. Nf3 Nc6 3. c3 Nf6 4. d4 Nxe4 5. d5 Ne7 6. Nxe5 Ng6 7. Qf3 Nf6 8.
Nxg6 hxg6 9. Be3 Be7 10. Nd2 d6 11. h3 Bg4 12. Qf4 Bd7 13. Bc4 a5 14. a4 c6 15.
Ne4 Nxe4 16. Qxe4 O-O 17. O-O b5 18. Be2 cxd5 19. Qxd5 bxa4 20. Bd1 Rb8 21.
Bxa4 Be6 22. Qd2 Qc7 23. Bd1 Rb5 24. c4 Rb4 25. b3 Rd8 26. Rc1 Qb8 27. Re1 d5
28. c5 Bf6 29. c6 Be5 30. Bc5 1/2-1/2

[Event "Wch U20 52nd"]
[Site "Kocaeli"]
[Date "2013.09.23"]
[Round "10"]
[White "Sahin, Ozgun"]
[Black "Yargici, Mazhar Kutay"]
[Result "1-0"]
[WhiteElo "1857"]
[BlackElo "1970"]
[PlyCount "55"]
[EventDate "2013.09.13"]
[EventType "swiss"]
[EventRounds "13"]
[EventCountry "TUR"]
[SourceTitle "CBM 156 Extra"]
[Source "ChessBase"]
[SourceDate "2013.10.22"]
[SourceVersion "1"]
[SourceVersionDate "2013.10.22"]
[SourceQuality "1"]

1. e4 e5 2. Nf3 Nc6 3. c3 d5 4. Qa4 Qd6 5. d4 Bd7 6. Bb5 exd4 7. exd5 Qxd5 8.
O-O Bd6 9. Re1+ Nge7 10. cxd4 O-O 11. Nc3 Qh5 12. Be2 Rad8 13. Qd1 Qa5 14. Bd2
Nd5 15. Qc1 Rfe8 16. a3 Nxc3 17. bxc3 Qa4 18. c4 Bg4 19. Be3 Na5 20. c5 Nb3 21.
Bd1 Be6 22. Qc2 Bf8 23. Rb1 Qxa3 24. Qc3 a5 25. Bxb3 a4 26. Bc1 Qxb3 27. Rxb3
Bxb3 28. h3 1-0

[Event "Wch U20 Girls 31st"]
[Site "Kocaeli"]
[Date "2013.09.22"]
[Round "9"]
[White "Armas, Lena"]
[Black "Sen, Beril Berfin"]
[Result "1-0"]
[WhiteElo "1920"]
[BlackElo "1609"]
[PlyCount "107"]
[EventDate "2013.09.13"]
[EventType "swiss"]
[EventRounds "13"]
[EventCountry "TUR"]
[SourceTitle "CBM 156 Extra"]
[Source "ChessBase"]
[SourceDate "2013.10.22"]
[SourceVersion "1"]
[SourceVersionDate "2013.10.22"]
[SourceQuality "1"]

1. e4 e5 2. Nf3 Nc6 3. c3 Nf6 4. d4 Nxe4 5. d5 Ne7 6. Nxe5 Ng6 7. Nxg6 hxg6 8.
Bd3 Nf6 9. O-O Be7 10. c4 O-O 11. Nc3 d6 12. Re1 Re8 13. Qf3 Bg4 14. Qf4 Qd7
15. h3 Bf5 16. Bxf5 Qxf5 17. Qxf5 gxf5 18. Nb5 Bf8 19. Be3 Re4 20. b3 a6 21.
Nc3 Re7 22. Bg5 Rae8 23. Rec1 Ne4 24. Bxe7 Bxe7 25. Nxe4 fxe4 26. Re1 Bg5 27.
Re2 f5 28. Rae1 Kf7 29. g3 Bf6 30. Kg2 Bd4 31. g4 g6 32. f3 e3 33. f4 Bc3 34.
Rd1 Bd2 35. Kf3 Rh8 36. Kg3 Kf6 37. Rdxd2 exd2 38. Rxd2 fxg4 39. hxg4 Re8 40.
Rh2 Re3+ 41. Kf2 Re7 42. Rh8 a5 43. Rf8+ Rf7 44. Rxf7+ Kxf7 45. Ke3 Kf6 46. Ke4
Ke7 47. g5 Kf7 48. f5 gxf5+ 49. Kxf5 c6 50. g6+ Ke7 51. a4 cxd5 52. cxd5 b6 53.
Kg5 Kf8 54. Kf6 1-0

[Event "BUL-chT GpB 63rd"]
[Site "Sunny Beach"]
[Date "2013.09.22"]
[Round "6.5"]
[White "Naydenov, Nayden"]
[Black "Krastanov, Georgi"]
[Result "1-0"]
[WhiteElo "2010"]
[BlackElo "2068"]
[PlyCount "51"]
[EventDate "2013.09.19"]
[EventType "team-tourn"]
[EventRounds "9"]
[EventCountry "BUL"]
[SourceTitle "CBM 156 Extra"]
[Source "ChessBase"]
[SourceDate "2013.10.22"]
[SourceVersion "1"]
[SourceVersionDate "2013.10.22"]
[SourceQuality "1"]
[WhiteTeam "Silistra"]
[BlackTeam "Sofia Slavia"]
[WhiteTeamCountry "BUL"]
[BlackTeamCountry "BUL"]

1. e4 e5 2. Nf3 Nc6 3. c3 d6 4. d4 h6 5. Bb5 Bd7 6. O-O Qe7 7. Nbd2 g6 8. Re1
Bg7 9. Nf1 a6 10. Ba4 Nb8 11. Bc2 Qd8 12. Be3 Ne7 13. Qd2 Bg4 14. Rad1 Nd7 15.
Ng3 f5 16. exf5 gxf5 17. h3 Bxf3 18. gxf3 O-O 19. Bxh6 f4 20. Qd3 Rf7 21. Qh7+
Kf8 22. Nh5 Bxh6 23. Qxh6+ Ke8 24. Ng7+ Rxg7+ 25. Qxg7 Nc6 26. Bg6# 1-0

[Event "Bucaramanga Feria op 2nd"]
[Site "Bucaramanga"]
[Date "2013.09.22"]
[Round "6"]
[White "Navas, Gildardo"]
[Black "Narvaez Max, Diana Marcela"]
[Result "1-0"]
[WhiteElo "1541"]
[BlackElo "1403"]
[PlyCount "48"]
[EventDate "2013.09.20"]
[EventType "swiss"]
[EventRounds "7"]
[EventCountry "COL"]
[SourceTitle "CBM 156 Extra"]
[Source "ChessBase"]
[SourceDate "2013.10.22"]
[SourceVersion "1"]
[SourceVersionDate "2013.10.22"]
[SourceQuality "1"]

1. e4 e5 2. Nf3 Nc6 3. c3 Bc5 4. Bc4 Nf6 5. d3 d6 6. Bg5 Bg4 7. Nbd2 O-O 8. h3
Bh5 9. g4 Bg6 10. Nh4 Nd7 11. Bh6 gxh6 12. Qf3 Nb6 13. Ng2 Qe7 14. O-O-O Rad8
15. Rh2 Na5 16. Rdh1 Naxc4 17. Nxc4 Qe6 18. Kb1 Rd7 19. Nge3 Re8 20. Nd5 Kg7
21. h4 c6 22. Nde3 d5 23. h5 d4 24. hxg6 dxe3 1-0

[Event "SLO-CupT"]
[Site "Ljubljana"]
[Date "2013.09.22"]
[Round "5.4"]
[White "Praznik, Anton"]
[Black "Titan, Matej"]
[Result "1/2-1/2"]
[WhiteElo "2160"]
[BlackElo "2146"]
[PlyCount "81"]
[EventDate "2013.09.20"]
[EventType "team-swiss"]
[EventRounds "5"]
[EventCountry "SLO"]
[SourceTitle "OM OTB B 201907"]
[Source "Opening Master"]
[SourceDate "2019.07.06"]
[SourceVersion "2"]
[SourceVersionDate "2019.07.06"]
[SourceQuality "1"]
[WhiteTeam "Vrhnika"]
[BlackTeam "Pomgrad Radenska"]
[WhiteTeamCountry "SLO"]
[BlackTeamCountry "SLO"]

1. e4 e5 2. Nf3 Nc6 3. c3 Nf6 4. d4 Nxe4 5. d5 Ne7 6. Nxe5 Ng6 7. Qf3 Qe7 8.
Nxg6 hxg6 9. Be3 Rh5 10. Bd3 Nc5 11. Bc2 Qe5 12. b4 Na6 13. Qe4 Qxe4 14. Bxe4
Nb8 15. Bf3 Rh8 16. Nd2 d6 17. O-O Be7 18. Rfe1 Kd8 19. Bd4 Rg8 20. h3 Nd7 21.
Nc4 b6 22. a4 Bf6 23. Bxf6+ Nxf6 24. a5 Bb7 25. Rad1 Re8 26. Rxe8+ Kxe8 27. Ne3
bxa5 28. bxa5 Ba6 29. Rb1 Nd7 30. c4 Rb8 31. Rxb8+ Nxb8 32. Bd1 Nd7 33. Ba4 Kd8
34. Bxd7 Kxd7 35. f4 c6 36. Kf2 cxd5 37. cxd5 Kc7 38. Nc2 Bc4 39. Nb4 Kd7 40.
g4 a6 41. g5 1/2-1/2